The Keepers and Governors of the Free Grammar School of John Lyon v Jordan and others (Record no. 13801)

MARC details
000 -LEADER
fixed length control field 01283cab a2200241 4500
001 - CONTROL NUMBER
control field ABS56038
008 - FIXED-LENGTH DATA ELEMENTS--GENERAL INFORMATION
fixed length control field 090401t1996 xxu||||| |||| 00| 0 eng d
035 ## - SYSTEM CONTROL NUMBER
System control number (Sirsi) u20602
041 ## - LANGUAGE CODE
Language code of text/sound track or separate title eng
245 #4 - TITLE STATEMENT
Title The Keepers and Governors of the Free Grammar School of John Lyon v Jordan and others
260 ## - PUBLICATION, DISTRIBUTION, ETC.
Date of publication, distribution, etc. 1996
350 ## - PRICE (NR) (BK AM CF MU VM SE) [OBSOLETE]
Price 0
490 ## - SERIES STATEMENT
Series statement Property and Compensation Reports
Volume/sequential designation [1996] 72 P&CR 402-407(3)
520 ## - SUMMARY, ETC.
Summary, etc. CA 30 June 1995. The plaintiff landlord (K) had granted a headlease, of premises comprising a house divided into five flats, for 60 years. The head lessees sublet the flats for 55 years to the defendant tenants. As a result of non-payment of rent an order for possession was granted to K against the head lessees. The appeal by K was against the decision that the defendants became protected tenants in the new relationship. Appeal dismissed. Held, that if the subtenant was a protected tenant of the former tenant, he became a protected tenant of the landlord.
650 ## - SUBJECT ADDED ENTRY--TOPICAL TERM
Topical term or geographic name entry element HEADLEASES
650 ## - SUBJECT ADDED ENTRY--TOPICAL TERM
Topical term or geographic name entry element KEEPERS AND GOVERNORS OF THE FREE GRAMMAR SCHOOL OF JO
650 ## - SUBJECT ADDED ENTRY--TOPICAL TERM
Topical term or geographic name entry element PROTECTED TENANCIES
650 ## - SUBJECT ADDED ENTRY--TOPICAL TERM
Topical term or geographic name entry element RENT ACT 1977 S137
650 ## - SUBJECT ADDED ENTRY--TOPICAL TERM
Topical term or geographic name entry element SUBLEASES
690 ## - LOCAL SUBJECT ADDED ENTRY--TOPICAL TERM (OCLC, RLIN)
Topical term or geographic name as entry element LANDLORD AND TENANT-CASE LAW-RESIDENTIAL TENANCIES
942 ## - ADDED ENTRY ELEMENTS (KOHA)
Suppress in OPAC 0
948 ## - LOCAL PROCESSING INFORMATION (OCLC); SERIES PART DESIGNATOR (RLIN)
c (OCLC) 04/03/1997
Holdings
Withdrawn status Lost status Source of classification or shelving scheme Damaged status Not for loan Home library Current library Shelving location Date acquired Total Checkouts Full call number Barcode Date last seen Copy number Price effective from Koha item type
    Dewey Decimal Classification     London London Journal article 14/09/1999   ABS56038 20602-1001 06/08/2019 1 06/08/2019 Law report